Castelo em guerra (Registo nº 4100)

Detalhes MARC
000 -Etiqueta do registo
Cabeçalho 00580nam a2200217 4500
005 - Identificador da versão
Campo de controlo 20240813122052.0
010 ## - Número internacional normalizado dos livros (ISBN)
Número (ISBN) 9722615831
100 ## - Dados gerais de processamento
Dados gerais de processamento 20010313d1999 a y0pory5003 ba
102 ## - Pais de publicação ou produção
País de publicação Portugal
101 1# - Língua de publicação
Língua do texto, banda sonora, etc. Português
Língua do documento no original Inglês
215 ## - Descrição física 
Indicação específica da natureza do documento e extensão da espécie 47p
Outras indicações físicas il
Dimensões 28cm
200 1# - Titulo e menção de responsabilidade
Título próprio Castelo em guerra
Informação de outro título a história de um cerco
Primeira menção de responsabilidade Andrew Langley
Outras menções de responsabilidade ilustração de Peter Dennis
225 1# - Colecção 
Título próprio da colecção Descobrir
Indicação de volume 3
210 ## - Publicação, Distribuição, etc. 
Lugar da edição, distribuição, etc. Porto
Nome do editor, distribuidor, etc. Civilização
Data da publicação, distribuição, etc. 1999
675 ## - Classificação Decimal Universal (CDU)
Notação 940.1
Edição 2
Língua da edição por
700 #1 - Nome de autor-pessoa física (responsabilidade principal)
Número de registo de entrada de autoridade 0000690
Palavra de ordem Langley
Outra parte do nome não tomada para palavra de ordem Andrew
942 ## - Elementos de entrada adicionados (Koha)
Tipo de item no Koha Livro
Exemplares
Situação do levantamento Origin of item (home branch) (coded) Biblioteca de empréstimo Código de barras Cota Circulation type (not for loan) Tipo de documento Nota do exemplar Damaged status
  Biblioteca Escolar das Vendas Biblioteca Escolar das Vendas BEV622 9UNI LAN   Livro Sem mensagem